| 000 | 00773nam a2200253Ia 4500 | ||
|---|---|---|---|
| 003 | OSt | ||
| 005 | 20220925203702.0 | ||
| 006 | a|||||r|||| 00| 0 | ||
| 007 | ta | ||
| 008 | 220923b |||||||| |||| 00| 0 eng d | ||
| 037 | _cGeneral Book | ||
| 040 |
_aRTL _cRTL _beng |
||
| 041 |
_2eng _aeng |
||
| 082 | _aY:(R17), L3 | ||
| 100 |
_aWiller David _9266775 |
||
| 245 | 0 |
_aSystematic empiricism _b Critique of a pseudoscienc |
|
| 260 |
_aEnglewood _bCliffs N J Prentice-Hall _c1973 |
||
| 300 |
_axii, 145p _ccm. |
||
| 490 | _aGeneral Sociology Series Ed by Neil J Smelser | ||
| 650 |
_aScientific Method _9231124 |
||
| 700 |
_a Willer Judith _9134838 |
||
| 942 |
_hY:(R17), L3 _cGB _2CC |
||
| 999 |
_c547398 _d547398 |
||